Catálogo
 En Linea

Efemérides dominicanas : (Registro nro. 26826)

Detalles MARC
000 -CABECERA
campo de control de longitud fija 00749nam a2200205 a 4500
001 - NÚMERO DE CONTROL
campo de control 000027334
005 - FECHA Y HORA DE LA ÚLTIMA TRANSACCIÓN
campo de control 20240305090859.0
008 - DATOS DE LONGITUD FIJA--INFORMACIÓN GENERAL
campo de control de longitud fija 110331s1960 dr ac r 000 0 spa d
040 ## - FUENTE DE LA CATALOGACIÓN
Centro catalogador/agencia de origen DO-SdBNP
Lengua de catalogación spa
Centro/agencia transcriptor BNPHU
082 ## - NÚMERO DE LA CLASIFICACIÓN DECIMAL DEWEY
Número de clasificación 972.93
Número de documento/Ítem V496e
100 1# - ENTRADA PRINCIPAL--NOMBRE DE PERSONA
Nombre de persona Verges, Pedro,
Fechas asociadas al nombre 1945-
9 (RLIN) 12149
245 10 - MENCIÓN DE TÍTULO
Título Efemérides dominicanas :
Resto del título enero /
Mención de responsabilidad, etc. Pedro L. Vergés Vidal.
260 ## - PUBLICACIÓN, DISTRIBUCIÓN, ETC.
Lugar de publicación, distribución, etc. Ciudad Trujillo, República Dominicana :
Nombre del editor, distribuidor, etc. Editora del Caribe,
Fecha de publicación, distribución, etc. 1960.
300 ## - DESCRIPCIÓN FÍSICA
Extensión v. :
Otras características físicas il., retrs. ;
Dimensiones 21 cm.
500 ## - NOTA GENERAL
Nota general Incluye índice personas, materias, libros, periódicos y Geográfico.
500 ## - NOTA GENERAL
Nota general La biblioteca sólo posee el volumen 1.
590 ## - NOTA LOCAL (RLIN)
Nota local Inventariado, 2018/LP
651 #4 - PUNTO DE ACCESO ADICIONAL DE MATERIA--NOMBRE GEOGRÁFICO
Nombre geográfico República Dominicana
Subdivisión general Historia
9 (RLIN) 170
910 ## - DATOS DE OPCIÓN DEL USUARIO (OCLC)
Datos de opción del usuario Inventariado, 2018/MFF
Existencias
Estado de retiro Estado de pérdida Restricciones de uso No para préstamo Código de colección Localización permanente Ubicación/localización actual Ubicación en estantería Fecha de adquisición Número de inventario Total de préstamos Signatura topográfica completa Código de barras Fecha visto por última vez Precio válido a partir de Tipo de ítem Koha Nota pública
        Patrimonio Dominicano General General Depósito 31.03.2011 LF1   v. 1, e. 3 27334-30 25.06.2020 25.06.2020 Libro y Folleto Colección Patrimonio Dominicano  
      Excluido de préstamo Patrimonio Dominicano Patrimonio Dominicano Patrimonio Dominicano Depósito 31.03.2011 LF1   972.93 V496e | v. 1 27334-10 25.06.2020 25.06.2020 Libro y Folleto Colección Patrimonio Dominicano Perteneció a la biblioteca personal de Martínez Boog
      Excluido de préstamo Patrimonio Dominicano Patrimonio Dominicano Patrimonio Dominicano Depósito 31.03.2011 LF1   972.93 V496e | v. 1, e. 2 27334-20 25.06.2020 25.06.2020 Libro y Folleto Colección Patrimonio Dominicano  
        Patrimonio Dominicano Patrimonio Dominicano Patrimonio Dominicano Depósito 14.04.2011 LF1   972.93 V496e | v. 1, e. 4 27334-40 25.06.2020 25.06.2020 Libro y Folleto Colección Patrimonio Dominicano  
        Patrimonio Dominicano Patrimonio Dominicano Patrimonio Dominicano Depósito 08.04.2013 LF1   972.93 V496e | v. 1, e. 5 27334-80 25.06.2020 25.06.2020 Libro y Folleto Colección Patrimonio Dominicano  
      Excluido de préstamo Patrimonio Dominicano Patrimonio Dominicano Patrimonio Dominicano Depósito 29.08.2018 LF1   972.93 V496e | v. 2 27334-90 25.06.2020 25.06.2020 Libro y Folleto Colección Patrimonio Dominicano Perteneció a la bilbioteca personal de Germán Emilio Ornes.

Con tecnología Koha